banner-ar

الاختراق الاسرائيلى للعراق بعد الغزو الامريكى بالوثائق : (Record no. 61620)

MARC details
000 -الفاتح
حقل البيانات ثابتة الطول 00981nam a22002297a 4500
005 - وقت وتاريخ اخر تعامل مع التسجيلة
رقم الضبط 20240530110508.0
008 - عناصر البيانات ثابتة الطول - معلومات عامة
حقل البيانات ثابتة الطول 151025s2010 ua ao g b 000 0 ara d
017 ## - رقم الايداع القانونى
رقم الايداع القانونى 2010/24924
المصدر ( الهيئة المختصة) مصر . دار الكتب المصرية
040 ## - مصدر الفهرسة
وكالة الفهرسة الأصلية EG-CaGPL
082 04 - رقم تصنيف ديوى العشرى
رقم الطبعة 21
رقم التصنيف 327.12/
رقم المادة ع أ
100 0# - المدخل الرئيسى - إسم شخصى
الإسم الشخصى عبدالكريم العلوجى
245 12 - بيان العنوان
العنوان الاختراق الاسرائيلى للعراق بعد الغزو الامريكى بالوثائق :
بقية العنوان الثار البابلى /
بيان المسئوليه,etc عبدالكريم العلوجى
250 ## - بيان الطبعة
بيان الطبعة ط1
260 ## - PUBLICATION, DISTRIBUTION, ETC. (IMPRINT)
تاريخ النشر أو التوزيع 2010 .
300 ## - الوصف المادى
التعداد 224 ص :
تفاصيل ماديه اخرى للوعاء صور ؛
أبعاد الوعاء 24 سم .
504 ## - تبصرة ببليوجرافية
تبصرة ببليوجرافية,الخ يشتمل على ارجاعات ببليوجرافية
651 04 - المدخل الاضافى بالموضوع - اسم جغرافى
الاسم الجغرافي العراق
التقسيم الفرعي العام الاحوال السياسية
651 04 - المدخل الاضافى بالموضوع - اسم جغرافى
الاسم الجغرافي العراق
التقسيم الفرعي العام التدخل الاسرائيلى
651 04 - المدخل الاضافى بالموضوع - اسم جغرافى
الاسم الجغرافي العراق
التقسيم الفرعي العام الغزو الامريكى
942 ## - عناصر المدخل الإضافي( كوها)
مصدر التصنيف او مخطط الترفيف Dewey Decimal Classification
Koha [default] item type كتاب
260 ## - PUBLICATION, DISTRIBUTION, ETC. (IMPRINT)
-- القاهرة :
-- مكتبة جزيرة الورد ،
Holdings
حالة التراجع حالة الفقد حالة تلف ليس للاعارة المكان المؤقت الموقع الحالى تاريخ الاكتساب اجمالي اﻻعارات رقم الطلب الباركود تاريخ اخر مشاهدة تاريخ تفعيل السعر نوع وعاء كوها
        مكتبة القاهرة الكبرى مكتبة القاهرة الكبرى 10/25/2015   327.12/ ع أ 160962 10/25/2015 10/25/2015 كتاب

Powered By

EGPV